Mrs. Piggle-Wiggle's magic / Betty MacDonald ; ... Read More
Available copies
- 0 of 1 copy available at LARL/NWRL Consortium.
- 0 of 1 copy available at Northwest Regional Library. (Show preferred library)
Current holds
0 current holds with 1 total copy.
Show Only Available Copies
| Location | Call Number / Copy Notes | Barcode | Shelving Location | Status | Due Date |
|---|---|---|---|---|---|
| Red Lake Falls Public Library | j MAC (Text) | 35500006817678 | Main | Checked out | 06/03/2026 |
Record details
- ISBN: 9780397317141
- ISBN: 039731714X
- ISBN: 9780064401517
- ISBN: 0064401510
- ISBN: 9780808525165
- ISBN: 0808525166
- ISBN: 9781435285859
- ISBN: 1435285859
- Physical Description: 181 pages : illustrations ; 22 cm
- Edition: Rev ed.
- Publisher: New York : HarperCollins, 2007.
Content descriptions
| General Note: | "A HarperTrophy." |
| Formatted Contents Note: | Mrs. Piggle-Wiggle's magic -- The ... Read More |
| Summary, etc.: | Seven families are helped out by Mrs. ... Read More |
Search for related items by subject
| Subject: | Behavior > Juvenile fiction. Humorous stories. Behavior > Fiction. Humorous stories. Humorous stories. |
| Genre: | Humorous stories. Humorous stories. Humorous fiction. Fiction. Juvenile works. Humorous fiction > Juvenile fiction. Humorous fiction. |
Search for related items by series
| LDR | 03793cam a2200829 a 4500 | ||
|---|---|---|---|
| 001 | 448210 | ||
| 003 | LARL_NWRL_CONSORTIUM | ||
| 005 | 20241018093428.0 | ||
| 008 | 070510s2007 nyua j 000 1 eng | ||
| 010 | . | ‡a 2007014481 | |
| 040 | . | ‡aDLC ‡beng ‡cDLC ‡dBTCTA ‡dBAKER ‡dIG# ‡dIEF ‡dSINLB ‡dOCLCQ ‡dBDX ‡dOCLCO ‡dWB9GB ‡dOCLCQ ‡dOCLCO ‡dGKX ‡dTDS ‡dTXLBH ‡dOCLCQ ‡dTJZ ‡dCCP ‡dBYV ‡dOCLCQ ‡dVBO ‡dMNS ‡dOCLCQ ‡dTXUPP ‡dOCLCF ‡dBRL ‡dOCLCQ ‡dTXJDC ‡dCNGUL ‡dLKC ‡dLMJ ‡dOCLCO ‡dJSY ‡dLF8 ‡dOCLCO ‡dLIQ ‡dOCLCO ‡dOCL ‡dOCLCQ ‡dINR ‡dOCLCA ‡dOCLCO ‡dOCLCQ ‡dOCLCL ‡dOCLCQ | |
| 019 | . | ‡a228360356 | |
| 020 | . | ‡a9780397317141 ‡q(trade bdg.) | |
| 020 | . | ‡a039731714X ‡q(trade bdg.) | |
| 020 | . | ‡a9780064401517 ‡q(lib. bdg.) | |
| 020 | . | ‡a0064401510 ‡q(lib. bdg.) | |
| 020 | . | ‡a9780808525165 ‡q(Tandem) | |
| 020 | . | ‡a0808525166 ‡q(Tandem) | |
| 020 | . | ‡a9781435285859 ‡q(HarperTrophy ; ‡qPaw Prints) | |
| 020 | . | ‡a1435285859 ‡q(HarperTrophy ; ‡qPaw Prints) | |
| 035 | . | ‡a(OCoLC)125400617 ‡z(OCoLC)228360356 | |
| 037 | . | ‡bHarpercollins Childrens Books, Keystone Industrial Park, Scranton, PA, USA, 18512 ‡nSAN 200-2086 | |
| 042 | . | ‡acyac | |
| 060 | 4. | ‡aMac | |
| 082 | 0 | 0. | ‡a[Fic] ‡222 |
| 084 | . | ‡aJUV039200 ‡aJUV019000 ‡aJUV007000 ‡2bisacsh | |
| 084 | . | ‡aI712.84 ‡2clc | |
| 100 | 1 | . | ‡aMacDonald, Betty Bard. ‡0(LARL_NWRL_CONSORTIUM)49897 |
| 245 | 1 | 0. | ‡aMrs. Piggle-Wiggle's magic / ‡cBetty MacDonald ; illustrations by Alexandra Boiger. |
| 250 | . | ‡aRev ed. | |
| 260 | . | ‡aNew York : ‡bHarperCollins, ‡c2007. | |
| 300 | . | ‡a181 pages : ‡billustrations ; ‡c22 cm | |
| 336 | . | ‡atext ‡btxt ‡2rdacontent | |
| 337 | . | ‡aunmediated ‡bn ‡2rdamedia | |
| 338 | . | ‡avolume ‡bnc ‡2rdacarrier | |
| 490 | 0 | . | ‡aMrs. Piggle-Wiggle ; ‡v2 |
| 500 | . | ‡a"A HarperTrophy." | |
| 520 | . | ‡aSeven families are helped out by Mrs. Piggle-Wiggle's magic cures when they are faced with thought-you-saiders, tattletales, bad table manners, interrupters, heedless breakers, never-want-to-go-to-schoolers, and wadde-I-doers. | |
| 505 | 0 | 0. | ‡tMrs. Piggle-Wiggle's magic -- ‡tThe thought-you-saiders cure -- ‡tThe tattletale cure -- ‡tThe bad-table-manners cure -- ‡tThe interrupters -- ‡tThe heedless breaker -- ‡tThe never-want-to-go-to-schooler -- ‡tThe waddle-I-doers. |
| 650 | 0. | ‡aBehavior ‡vJuvenile fiction. | |
| 650 | 0. | ‡aHumorous stories. ‡0(LARL_NWRL_CONSORTIUM)22555 | |
| 650 | 1. | ‡aBehavior ‡vFiction. | |
| 650 | 1. | ‡aHumorous stories. ‡0(LARL_NWRL_CONSORTIUM)22555 | |
| 650 | 7. | ‡aHumorous stories. ‡2fast ‡0(LARL_NWRL_CONSORTIUM)22555 | |
| 655 | 0. | ‡aHumorous stories. | |
| 655 | 1. | ‡aHumorous stories. | |
| 655 | 7. | ‡aHumorous fiction. ‡2fast | |
| 655 | 7. | ‡aFiction. ‡2fast | |
| 655 | 7. | ‡aJuvenile works. ‡2fast | |
| 655 | 7. | ‡aHumorous fiction ‡vJuvenile fiction. ‡2gsafd | |
| 655 | 7. | ‡aHumorous fiction. ‡2lcgft | |
| 700 | 1 | . | ‡aBoiger, Alexandra, ‡eillustrator. ‡0(LARL_NWRL_CONSORTIUM)191017 |
| 901 | . | ‡a448210 ‡bAUTOGEN ‡c448210 ‡tbiblio | |

Add to basket
Permalink
Disable Highlighting